00426nam a22001217a 4500082000800000100003000008245009800038260003700136300002600173650002100199700002700220856005700247 a005 aHasan, Muhammad Mubashir  aThe impact of music –based learning on memory-based examinations /cMuhammad Mubashir Hasan aIslamabad:bSEECS - NUST,c2017. a85 p. : ill. ;c30cm. aITE - MS Thesis. aSup: Dr. Farzana Ahmad uhttp://10.250.8.41:8080/xmlui/handle/123456789/30845